| 000 | 00541nam a22001937a 4500 | ||
|---|---|---|---|
| 003 | koha_MIRAKIL | ||
| 005 | 20231213095939.0 | ||
| 008 | 231213b |||||||| |||| 00| 0 ||| d | ||
| 020 | _b978-6-05-498506-7 | ||
| 040 |
_aTR-IsEVY _btur _cTR-IsEVY |
||
| 082 | _a891.733 ÇEH/A | ||
| 100 | _aÇehov, Anton Pavloviç. | ||
| 245 | 0 |
_aAsma katlı ev _böyküler |
|
| 260 |
_bLacivert Yayıncılık, _c2015 |
||
| 300 | _a184 s. | ||
| 650 | _aRus edebiyatı -- Hikayeler. | ||
| 650 | _aRussian literature -- Short stories. | ||
| 942 |
_2ddc _cBK |
||
| 999 |
_c12023 _d12023 |
||